[Event "8th Eksjo it group A"]
[Site "Eksjo SWE"]
[Date "1980.08.24"]
[Round "6"]
[White "Lekander, Rolf"]
[Black "Kaiszauri, Konstanty"]
[Result "0-1"]
[WhiteElo "2285"]
[BlackElo "2365"]
[EventDate "1980.08.19"]
[PlyCount "84"]

1.Nf3 d6 2.e4 Nf6 3.Nc3 g6 4.d4 Bg7 5.Be2 O-O 6.O-O Bg4 7.Be3 Nc6 8.Qd2 e5
9.dxe5 dxe5 10.Rad1 Qc8 11.Qc1 Rd8 12.Rxd8+ Qxd8 13.Rd1 Qf8 14.a3 Rd8 15.
Rxd8 Qxd8 16.h3 Bxf3 17.Bxf3 Nd4 18.Bd1 h5 19.Qd2 Qd6 20.Qd3 Nd7 21.f3 Nc5
22.Qd2 Kh7 23.Ne2 Na4 24.c3 Nxe2+ 25.Qxe2 Nxb2 26.Bb3 Qxa3 27.Qc2 f6 28.
Kh2 Nd3 29.Bd5 Nc5 30.Bxc5 Qxc5 31.Bxb7 Bh6 32.h4 Qe3 33.Qb3 Qe1 34.Kh3 
Qh1+ 35.Kg3 Bf4+ 36.Kf2 Qxh4+ 37.Ke2 Qg3 38.Qf7+ Kh6 39.Qxf6 Qxg2+ 40.Kd3 
Qf1+ 41.Kc2 Qc1+ 42.Kd3 Qf1+ 0-1

[Event "8th Eksjo it group A"]
[Site "Eksjo SWE"]
[Date "1980.08.24"]
[Round "6"]
[White "Minev, Nikolai"]
[Black "Karlsson, Lars"]
[Result "1/2-1/2"]
[WhiteElo "2390"]
[BlackElo "2405"]
[EventDate "1980.08.19"]
[PlyCount "76"]

1.d4 Nf6 2.c4 c5 3.dxc5 Na6 4.g3 Nxc5 5.Bg2 d6 6.Nc3 g6 7.Nh3 Bg7 8.Nf4 
O-O 9.O-O Bd7 10.Bd2 Bc6 11.Nfd5 Bxd5 12.cxd5 Qb6 13.Rb1 Rfc8 14.Be3 Qb4 
15.Bd4 Nfd7 16.Bxg7 Kxg7 17.Bh3 Rc7 18.Qd2 Nf6 19.Rfd1 Ncd7 20.Qd3 a6 21.
Rdc1 Ne5 22.Qd1 b5 23.a3 Qa5 24.Na2 Rc4 25.Nb4 Ra7 26.Rxc4 bxc4 27.Qd4 Rc7
28.f4 Ned7 29.Bxd7 Rxd7 30.Rc1 Rc7 31.e4 Qc5 32.Qxc5 Rxc5 33.Nxa6 Rc8 34.
Nb4 Nxe4 35.Nc6 Nf6 36.Nxe7 Rc5 37.Nc6 Nxd5 38.Nd4 Nc7 1/2-1/2

[Event "8th Eksjo it group A"]
[Site "Eksjo SWE"]
[Date "1980.08.24"]
[Round "6"]
[White "Ornstein, Axel"]
[Black "Gonsior, Evzen"]
[Result "1-0"]
[WhiteElo "2450"]
[BlackElo "2370"]
[EventDate "1980.08.19"]
[PlyCount "63"]

1.d4 d5 2.c4 e6 3.Nc3 c5 4.cxd5 exd5 5.Nf3 Nc6 6.e3 Nf6 7.Be2 Ne4 8.O-O 
Be7 9.dxc5 Nxc3 10.bxc3 Bxc5 11.Qb3 O-O 12.Rd1 Qe7 13.Qxd5 Bg4 14.Bb2 Rfe8
15.Qc4 Be6 16.Qf4 Ba3 17.Bxa3 Qxa3 18.c4 Rad8 19.Nd4 Qb2 20.Bf1 Qc3 21.
Nxc6 bxc6 22.Qc7 Ra8 23.Qxc6 h5 24.Qa4 h4 25.h3 a5 26.Rac1 Qb4 27.Qc2 Qa3 
28.Rd4 g5 29.Rb1 Rab8 30.Rxb8 Rxb8 31.Qd2 Qb2 32.Qxa5 1-0

[Event "8th Eksjo it group A"]
[Site "Eksjo SWE"]
[Date "1980.08.24"]
[Round "6"]
[White "Schneider, Lars-Ake"]
[Black "Lengyel, Levente"]
[Result "1-0"]
[WhiteElo "2450"]
[BlackElo "2445"]
[EventDate "1980.08.19"]
[PlyCount "111"]

1.e4 e6 2.d4 d5 3.Nd2 c5 4.exd5 exd5 5.Bb5+ Bd7 6.Qe2+ Be7 7.dxc5 Nf6 8.
Nb3 O-O 9.Be3 Re8 10.Nf3 Bxc5 11.Bxd7 Nbxd7 12.Nxc5 Nxc5 13.Qb5 Rc8 14.O-O
a6 15.Qb4 Re4 16.Qd2 Qc7 17.Bd4 Ncd7 18.c3 Rce8 19.Rad1 h6 20.h3 Qc4 21.a3
Qc6 22.Rfe1 Nb6 23.b3 Nbd7 24.a4 Rxe1+ 25.Rxe1 Rxe1+ 26.Qxe1 Ne4 27.Qe3 
Qd6 28.Nh4 Qe6 29.a5 Nb8 30.Qf4 Nc6 31.Nf5 g5 32.Qg4 Nxd4 33.cxd4 Nd2 34.
h4 Kf8 35.hxg5 hxg5 36.Qxg5 f6 37.Qh6+ Kf7 38.Qh7+ Kf8 39.Qh8+ Kf7 40.Qh5+
Kf8 41.Qh8+ Kf7 42.Qh7+ Kf8 43.Ne3 Qc6 44.Qh8+ Kf7 45.Qh5+ Ke6 46.Qf5+ Kf7
47.b4 Nb3 48.Qd3 Nc1 49.Qh7+ Kf8 50.Qh8+ Kf7 51.Qh5+ Ke6 52.Qf5+ Kf7 53.
Nxd5 Ne2+ 54.Kf1 Nxd4 55.Qh7+ Ke6 56.Qe4+ 1-0

[Event "8th Eksjo it group A"]
[Site "Eksjo SWE"]
[Date "1980.08.26"]
[Round "7"]
[White "Gonsior, Evzen"]
[Black "Schneider, Lars-Ake"]
[Result "0-1"]
[WhiteElo "2370"]
[BlackElo "2450"]
[EventDate "1980.08.19"]
[PlyCount "58"]

1.e4 c5 2.c3 d5 3.exd5 Qxd5 4.d4 Nf6 5.Nf3 e6 6.Bd3 Nc6 7.O-O Be7 8.Na3 
O-O 9.Nc2 cxd4 10.Ncxd4 Nxd4 11.Nxd4 Rd8 12.Qe2 e5 13.Bc4 Qc5 14.b4 Qc7 
15.Nb5 Qc6 16.Be3 b6 17.Rac1 Bb7 18.f3 a6 19.Na3 Nd5 20.Bxd5 Rxd5 21.Nc4 
Bd8 22.Rfd1 Qe6 23.Bf2 Rc8 24.Ne3 Rxd1+ 25.Qxd1 Bg5 26.Qb3 Qg6 27.Qc2 e4 
28.f4 Bxf4 29.c4 Qh6 0-1

[Event "8th Eksjo it group A"]
[Site "Eksjo SWE"]
[Date "1980.08.26"]
[Round "7"]
[White "Kaiszauri, Konstanty"]
[Black "Ornstein, Axel"]
[Result "1-0"]
[WhiteElo "2365"]
[BlackElo "2450"]
[EventDate "1980.08.19"]
[PlyCount "91"]

1.e4 e6 2.d4 d5 3.Nd2 c5 4.exd5 Qxd5 5.Ngf3 cxd4 6.Bc4 Qd6 7.O-O Nf6 8.Nb3
Nc6 9.Nbxd4 Nxd4 10.Nxd4 a6 11.b3 Qc7 12.Bb2 b5 13.Bd3 Bd6 14.Qe2 O-O 15.
Nf3 Nd5 16.Ng5 h6 17.Bh7+ Kh8 18.Be4 Bxh2+ 19.Kh1 Be5 20.Bxd5 Bxb2 21.Bxa8
Bxa1 22.Nxf7+ Qxf7 23.Rxa1 Qxf2 24.Qxf2 Rxf2 25.Rd1 Rf8 26.c4 bxc4 27.bxc4
g5 28.c5 Kg7 29.c6 Rf7 30.Rd6 a5 31.Rd8 Rc7 32.a4 h5 33.Bb7 Kf6 34.Rxc8 
Rxc8 35.Bxc8 Ke5 36.Bd7 Kd6 37.Be8 h4 38.Kg1 e5 39.Kf2 g4 40.Ke3 h3 41.
gxh3 gxh3 42.Kf2 e4 43.Kg3 e3 44.Bh5 Kxc6 45.Kxh3 Kc5 46.Kg2 1-0

[Event "8th Eksjo it group A"]
[Site "Eksjo SWE"]
[Date "1980.08.26"]
[Round "7"]
[White "Karlsson, Lars"]
[Black "Kirov, Nino"]
[Result "0-1"]
[WhiteElo "2405"]
[BlackElo "2455"]
[EventDate "1980.08.19"]
[PlyCount "80"]

1.Nf3 Nf6 2.c4 g6 3.Nc3 d5 4.d4 Bg7 5.cxd5 Nxd5 6.e4 Nxc3 7.bxc3 c5 8.Be3 
Qa5 9.Qd2 cxd4 10.cxd4 Qxd2+ 11.Kxd2 O-O 12.Rc1 Rd8 13.Bb5 Bg4 14.Rc7 Nc6 
15.Bxc6 bxc6 16.Rb1 Bxf3 17.gxf3 Bxd4 18.Bxd4 Rxd4+ 19.Ke3 Rad8 20.Rxe7 
Rd3+ 21.Kf4 R8d6 22.e5 R6d4+ 23.Kg3 h5 24.h4 Rg4+ 25.Kh2 Rxf3 26.e6 Rxf2+ 
27.Kh3 Rgf4 28.Rb3 R2f3+ 29.Rxf3 Rxf3+ 30.Kg2 Rf6 31.exf7+ Rxf7 32.Re6 Rc7
33.Kf3 Kf7 34.Rd6 c5 35.Ke3 c4 36.Kd2 c3+ 37.Kc2 Rc4 38.Ra6 Rxh4 39.Kxc3 
Re4 40.Rxa7+ Re7 0-1

[Event "8th Eksjo it group A"]
[Site "Eksjo SWE"]
[Date "1980.08.26"]
[Round "7"]
[White "Lengyel, Levente"]
[Black "Ivanovic, Bozidar"]
[Result "1/2-1/2"]
[WhiteElo "2445"]
[BlackElo "2440"]
[EventDate "1980.08.19"]
[PlyCount "38"]

1.d4 Nf6 2.c4 e6 3.Nf3 Bb4+ 4.Bd2 Qe7 5.g3 b6 6.Bg2 Bb7 7.O-O Bxd2 8.Nbxd2
O-O 9.Qc2 Nc6 10.Rad1 a5 11.e4 d6 12.d5 Nb4 13.Qb1 Na6 14.b3 Nc5 15.Rfe1 
Rfe8 16.Qc2 exd5 17.exd5 Qd7 18.h3 Rxe1+ 19.Rxe1 Re8 1/2-1/2

[Event "8th Eksjo it group A"]
[Site "Eksjo SWE"]
[Date "1980.08.26"]
[Round "7"]
[White "Sznapik, Aleksander"]
[Black "Lekander, Rolf"]
[Result "1/2-1/2"]
[WhiteElo "2460"]
[BlackElo "2285"]
[EventDate "1980.08.19"]
[PlyCount "75"]

1.e4 c5 2.Nf3 e6 3.d4 cxd4 4.Nxd4 a6 5.Nc3 Nc6 6.Be2 Qc7 7.O-O Nf6 8.Be3 
Bb4 9.Nxc6 bxc6 10.Na4 Rb8 11.c4 Bd6 12.Bb6 Bxh2+ 13.Kh1 Rxb6 14.Nxb6 Qxb6
15.Kxh2 Nxe4 16.Qd3 f5 17.Bf3 Ng5 18.Bh5+ g6 19.f4 Nf7 20.Bf3 O-O 21.Qc3 
c5 22.Rfe1 Bb7 23.Bxb7 Qxb7 24.Rad1 Nh6 25.Rd6 Ng4+ 26.Kg1 Nf6 27.Qb3 Qa8 
28.Qa3 a5 29.Qd3 Qb8 30.b3 Ne4 31.Rxd7 Qxf4 32.Qe3 Qh4 33.Red1 e5 34.Qd3 
Qf2+ 35.Kh1 Qh4+ 36.Kg1 Qf2+ 37.Kh1 Qh4+ 38.Kg1 1/2-1/2

[Event "8th Eksjo it group A"]
[Site "Eksjo SWE"]
[Date "1980.08.26"]
[Round "7"]
[White "Wedberg, Tom"]
[Black "Minev, Nikolai"]
[Result "1-0"]
[WhiteElo "2425"]
[BlackElo "2390"]
[EventDate "1980.08.19"]
[PlyCount "43"]

1.e4 e6 2.d4 d5 3.Nc3 Nf6 4.Bg5 dxe4 5.Nxe4 Be7 6.Bxf6 gxf6 7.Nf3 b6 8.Bc4
Bb7 9.Qe2 c6 10.Qe3 h6 11.Ng3 Qd6 12.O-O-O Na6 13.Rhe1 O-O-O 14.Nf5 Qd7 
15.Nxh6 Rxh6 16.Qxh6 Nc7 17.Qh7 Bd6 18.Ne5 Qe7 19.Nxf7 Bb4 20.c3 Rf8 21.
Qh3 Qxf7 22.cxb4 1-0

[Event "8th Eksjo it group A"]
[Site "Eksjo SWE"]
[Date "1980.08.27"]
[Round "8"]
[White "Ivanovic, Bozidar"]
[Black "Minev, Nikolai"]
[Result "1/2-1/2"]
[WhiteElo "2440"]
[BlackElo "2390"]
[EventDate "1980.08.19"]
[PlyCount "93"]

1.e4 e6 2.d4 d5 3.Nd2 a6 4.e5 c5 5.Ngf3 Nc6 6.Bd3 cxd4 7.O-O f6 8.Re1 fxe5
9.Nxe5 Nxe5 10.Rxe5 Nf6 11.Nf3 Bd6 12.Re1 O-O 13.Bg5 Qc7 14.Qe2 Bd7 15.h3 
Rae8 16.Ne5 Bxe5 17.Qxe5 Qxe5 18.Rxe5 Bc6 19.Rae1 Kf7 20.Bd2 Nd7 21.Rg5 
Kg8 22.Bb4 Rf6 23.Rg4 e5 24.Rxd4 Nc5 25.Bxh7+ Kxh7 26.Rh4+ Rh6 27.Rxh6+ 
gxh6 28.Bxc5 Kg6 29.Re3 Kf7 30.Rf3+ Ke6 31.Rg3 Kf7 32.Be3 Re6 33.Rf3+ Kg6 
34.c3 Kg7 35.Rf5 Kg6 36.g4 Be8 37.Kg2 Kh7 38.Kg3 Bg6 39.Rf8 Be8 40.h4 Kg7 
41.Rf5 Kg8 42.h5 Bd7 43.Bc5 Be8 44.Rf3 Bf7 45.a3 Kg7 46.Re3 b6 47.Rxe5 
1/2-1/2

[Event "8th Eksjo it group A"]
[Site "Eksjo SWE"]
[Date "1980.08.27"]
[Round "8"]
[White "Kirov, Nino"]
[Black "Wedberg, Tom"]
[Result "1-0"]
[WhiteElo "2455"]
[BlackElo "2425"]
[EventDate "1980.08.19"]
[PlyCount "81"]

1.g3 d5 2.Nf3 c5 3.Bg2 Nc6 4.d4 e6 5.O-O Nf6 6.c4 Be7 7.cxd5 exd5 8.Nc3 
O-O 9.Bg5 c4 10.Ne5 Be6 11.Nxc6 bxc6 12.b3 Qa5 13.Na4 Rfd8 14.e3 c5 15.
Bxf6 gxf6 16.dxc5 Bxc5 17.Nxc5 Qxc5 18.Qh5 Rac8 19.Rfd1 Qa3 20.bxc4 dxc4 
21.Be4 Kf8 22.Bf5 Qa4 23.Rd4 Rxd4 24.exd4 c3 25.d5 c2 26.Qh6+ Ke7 27.dxe6 
fxe6 28.Qg7+ Kd6 29.Bxc2 Qxc2 30.Qxa7 Rc7 31.Qb6+ Ke7 32.a4 Rd7 33.Qb4+ 
Kf7 34.Qb1 Qe2 35.Qxh7+ Ke8 36.Qg8+ Ke7 37.Qg7+ Ke8 38.Qxf6 Rf7 39.Qd4 e5 
40.Qe3 Qb2 41.Re1 1-0

[Event "8th Eksjo it group A"]
[Site "Eksjo SWE"]
[Date "1980.08.27"]
[Round "8"]
[White "Lekander, Rolf"]
[Black "Karlsson, Lars"]
[Result "0-1"]
[WhiteElo "2285"]
[BlackElo "2405"]
[EventDate "1980.08.19"]
[PlyCount "78"]

1.d4 Nf6 2.Nf3 e6 3.e3 c5 4.Bd3 b6 5.O-O Be7 6.c3 d5 7.Nbd2 O-O 8.Ne5 Qc7 
9.Qe2 a5 10.Ndf3 Ba6 11.Rd1 Ne4 12.Bxa6 Rxa6 13.Nd2 f6 14.Nef3 f5 15.c4 
Bf6 16.Nf1 Rd8 17.a4 Ra7 18.Ra3 Nc6 19.cxd5 exd5 20.Rb3 Nb4 21.Bd2 c4 22.
Ra3 Nd3 23.Be1 Be7 24.Raa1 Bb4 25.Ng3 Rf8 26.Nh1 Qd6 27.Bxb4 axb4 28.Ne1 
Nxe1 29.Rxe1 Rc8 30.f3 Rca8 31.Qc2 g6 32.b3 b5 33.Rab1 c3 34.axb5 Ra2 35.
Qc1 Qb6 36.Nf2 Qxb5 37.h3 Qa6 38.Rf1 c2 39.Rb2 Ra1 0-1

[Event "8th Eksjo it group A"]
[Site "Eksjo SWE"]
[Date "1980.08.27"]
[Round "8"]
[White "Lengyel, Levente"]
[Black "Gonsior, Evzen"]
[Result "1/2-1/2"]
[WhiteElo "2445"]
[BlackElo "2370"]
[EventDate "1980.08.19"]
[PlyCount "32"]

1.d4 Nf6 2.c4 e6 3.Nf3 b6 4.g3 Ba6 5.b3 Bb4+ 6.Bd2 Be7 7.Bg2 c6 8.Bc3 d5 
9.Nbd2 O-O 10.O-O Nbd7 11.Re1 Qc7 12.e4 dxe4 13.Nxe4 Nxe4 14.Rxe4 Nf6 15.
Re3 Rad8 16.Qc2 b5 1/2-1/2

[Event "8th Eksjo it group A"]
[Site "Eksjo SWE"]
[Date "1980.08.27"]
[Round "8"]
[White "Ornstein, Axel"]
[Black "Sznapik, Aleksander"]
[Result "1-0"]
[WhiteElo "2450"]
[BlackElo "2460"]
[EventDate "1980.08.19"]
[PlyCount "79"]

1.d4 Nf6 2.c4 g6 3.g3 Bg7 4.Bg2 O-O 5.Nc3 d6 6.Nf3 Nc6 7.O-O a6 8.d5 Na5 
9.Nd2 c5 10.Qc2 Rb8 11.b3 b5 12.Bb2 Bh6 13.f4 bxc4 14.bxc4 e5 15.dxe6 fxe6
16.Nce4 Ng4 17.Nb3 Nxb3 18.axb3 Qb6 19.Qc3 e5 20.Qd3 Qxb3 21.Bc3 Be6 22.
Nxd6 Qb6 23.h3 Rbd8 24.Rfd1 e4 25.Bxe4 Nf6 26.Bxg6 hxg6 27.Qxg6+ Bg7 28.
Ne4 Rd4 29.Rab1 Qd8 30.Bxd4 cxd4 31.Rb7 Bf7 32.Nxf6+ Qxf6 33.Qxf6 Bxf6 34.
c5 Rc8 35.Rc1 Bd5 36.Ra7 Rc6 37.Rb1 Bg7 38.Rb8+ Bf8 39.Rd7 Bc4 40.Rdd8 1-0

[Event "8th Eksjo it group A"]
[Site "Eksjo SWE"]
[Date "1980.08.27"]
[Round "8"]
[White "Schneider, Lars-Ake"]
[Black "Kaiszauri, Konstanty"]
[Result "1-0"]
[WhiteElo "2450"]
[BlackElo "2365"]
[EventDate "1980.08.19"]
[PlyCount "77"]

1.e4 d6 2.d4 Nf6 3.Nc3 g6 4.f4 Bg7 5.Nf3 O-O 6.Be3 Nbd7 7.e5 Ng4 8.Bg1 c5 
9.e6 fxe6 10.Ng5 Ndf6 11.Qe2 cxd4 12.Nxe6 Bxe6 13.Qxe6+ Kh8 14.Bxd4 Qc8 
15.Qxc8 Raxc8 16.O-O-O Bh6 17.g3 e5 18.Bxa7 exf4 19.Kb1 fxg3 20.hxg3 Be3 
21.Bd4 Rce8 22.Bb5 Bxd4 23.Rxd4 Re3 24.Rxd6 Rxg3 25.a4 h5 26.Bd3 Nf2 27.
Rf1 Nxd3 28.cxd3 Kg7 29.Ne2 Rg4 30.Nd4 Rxd4 31.Rxd4 g5 32.Rg1 g4 33.a5 Kg6
34.Rb4 Rf7 35.Rb6 Kg5 36.Rb5+ Kf4 37.Rf1+ Ke3 38.Re5+ Kxd3 39.Rd1+ 1-0

[Event "8th Eksjo it group A"]
[Site "Eksjo SWE"]
[Date "1980.08.28"]
[Round "9"]
[White "Gonsior, Evzen"]
[Black "Ivanovic, Bozidar"]
[Result "0-1"]
[WhiteElo "2370"]
[BlackElo "2440"]
[EventDate "1980.08.19"]
[PlyCount "38"]

1.d4 Nf6 2.Nf3 g6 3.Bg5 Bg7 4.Nbd2 O-O 5.c3 h6 6.Bh4 d6 7.e4 Nc6 8.Be2 e5 
9.dxe5 dxe5 10.Qc2 Qe7 11.Nc4 g5 12.Bg3 Nxe4 13.Qxe4 f5 14.Qd5+ Be6 15.Qb5
f4 16.Qxb7 e4 17.O-O exf3 18.Bxf3 Bxc4 19.Qxc6 Bxf1 0-1

[Event "8th Eksjo it group A"]
[Site "Eksjo SWE"]
[Date "1980.08.28"]
[Round "9"]
[White "Kaiszauri, Konstanty"]
[Black "Lengyel, Levente"]
[Result "1/2-1/2"]
[WhiteElo "2365"]
[BlackElo "2445"]
[EventDate "1980.08.19"]
[PlyCount "41"]

1.e4 c5 2.Nf3 e6 3.d3 d5 4.Nbd2 Nc6 5.g3 Bd6 6.Bg2 Nge7 7.O-O O-O 8.Re1 
Bc7 9.exd5 exd5 10.d4 cxd4 11.Nb3 Bg4 12.Nbxd4 Bb6 13.Be3 Ne5 14.c3 Nc4 
15.Bg5 f6 16.Bc1 Qd7 17.h3 Bh5 18.Ne6 Rfe8 19.Nf4 Bf7 20.b3 Nd6 21.Ba3 
1/2-1/2

[Event "8th Eksjo it group A"]
[Site "Eksjo SWE"]
[Date "1980.08.28"]
[Round "9"]
[White "Karlsson, Lars"]
[Black "Ornstein, Axel"]
[Result "1/2-1/2"]
[WhiteElo "2405"]
[BlackElo "2450"]
[EventDate "1980.08.19"]
[PlyCount "164"]

1.Nf3 Nf6 2.g3 g6 3.b3 Bg7 4.Bb2 O-O 5.Bg2 c5 6.c4 Nc6 7.O-O d6 8.d4 Ne4 
9.e3 Bg4 10.Qc1 Bxf3 11.Bxf3 Ng5 12.Bxc6 bxc6 13.dxc5 Bxb2 14.Qxb2 dxc5 
15.Qc2 e5 16.h4 Nf3+ 17.Kg2 e4 18.Qxe4 Qf6 19.Qxf3 Qxa1 20.Nd2 Qxa2 21.Ne4
Qxb3 22.Nf6+ Kg7 23.h5 h6 24.Nd7 Qxc4 25.Qf6+ Kg8 26.Nxf8 Rxf8 27.Qxc6 Qe6
28.Qxc5 Rc8 29.Qa5 g5 30.Qxa7 Qc6+ 31.Kg1 Qf3 32.Qd7 Ra8 33.Qd1 Qxd1 34.
Rxd1 Ra2 35.Rd5 Kg7 36.Rf5 Rb2 37.Kg2 Ra2 38.Kf3 Ra1 39.Kg4 Rg1 40.Ra5 Rb1
41.e4 Rb2 42.f3 Rg2 43.Ra8 Rg1 44.Ra7 Rg2 45.Ra1 Kg8 46.Rh1 Kg7 47.Rh3 Kf6
48.Rh1 Kg7 49.Rb1 Kg8 50.e5 Kg7 51.Ra1 Kg8 52.Ra7 Rg1 53.Rb7 Rg2 54.Rc7 
Rg1 55.Kh3 Rh1+ 56.Kg4 Rg1 57.Rc2 Kg7 58.Rh2 Re1 59.Kf5 Re3 60.Rf2 f6 61.
exf6+ Kf7 62.Kg4 Kxf6 63.Ra2 Rb3 64.Ra7 Rb4+ 65.Kh3 Rb6 66.Rh7 Kf5 67.Rh8 
Ra6 68.Rh7 Rb6 69.Rf7+ Ke6 70.Rg7 Kf5 71.g4+ Ke5 72.Kg3 Ra6 73.Rf7 Ke6 74.
Rb7 Kf6 75.Rc7 Ke5 76.Rd7 Ke6 77.Rd3 Ke5 78.Rb3 Kf6 79.Kf2 Kg7 80.Ke3 Rf6 
81.Rb7+ Kg8 82.Rb5 Rf4 1/2-1/2

[Event "8th Eksjo it group A"]
[Site "Eksjo SWE"]
[Date "1980.08.28"]
[Round "9"]
[White "Minev, Nikolai"]
[Black "Kirov, Nino"]
[Result "1/2-1/2"]
[WhiteElo "2390"]
[BlackElo "2455"]
[EventDate "1980.08.19"]
[PlyCount "24"]

1.c4 c5 2.Nf3 Nf6 3.d4 cxd4 4.Nxd4 Nc6 5.Nc3 g6 6.e4 d6 7.Be2 Bg7 8.Be3 
O-O 9.O-O Bd7 10.Rc1 Nxd4 11.Bxd4 Bc6 12.f3 Nd7 1/2-1/2

[Event "8th Eksjo it group A"]
[Site "Eksjo SWE"]
[Date "1980.08.28"]
[Round "9"]
[White "Sznapik, Aleksander"]
[Black "Schneider, Lars-Ake"]
[Result "0-1"]
[WhiteElo "2460"]
[BlackElo "2450"]
[EventDate "1980.08.19"]
[PlyCount "80"]

1.e4 c5 2.Nf3 Nc6 3.d4 cxd4 4.Nxd4 Nf6 5.Nc3 d6 6.Be2 e5 7.Nb3 Be7 8.O-O 
O-O 9.Kh1 a5 10.a4 Nb4 11.f4 Be6 12.f5 Bd7 13.Bg5 Bc6 14.Bxf6 Bxf6 15.Nd5 
Nxd5 16.exd5 Bd7 17.Nd2 e4 18.Nxe4 Bxb2 19.Rb1 Be5 20.f6 gxf6 21.Bg4 f5 
22.Bxf5 Bxf5 23.Rxf5 Qd7 24.Ng3 Qxa4 25.Rh5 Qd7 26.Nf5 f6 27.Rb3 Kh8 28.
Rbh3 Rf7 29.Nh6 Rg7 30.Nf5 Rf7 31.Nh6 Rg7 32.Nf5 Rg5 33.Rxh7+ Qxh7 34.
Rxh7+ Kxh7 35.Qd3 Kg8 36.h4 Rh5 37.g4 Rh7 38.Kg2 a4 39.g5 fxg5 40.hxg5 a3 
0-1

[Event "8th Eksjo it group A"]
[Site "Eksjo SWE"]
[Date "1980.08.28"]
[Round "9"]
[White "Wedberg, Tom"]
[Black "Lekander, Rolf"]
[Result "1-0"]
[WhiteElo "2425"]
[BlackElo "2285"]
[EventDate "1980.08.19"]
[PlyCount "75"]

1.e4 g6 2.d4 Bg7 3.Nc3 d6 4.f4 Nf6 5.Nf3 O-O 6.Bd3 Nc6 7.e5 dxe5 8.fxe5 
Ng4 9.Be4 f5 10.Bd5+ e6 11.Bxc6 bxc6 12.Bg5 Qe8 13.h3 Nh6 14.Na4 Nf7 15.
Bf4 Qe7 16.Qd2 Rd8 17.O-O-O h6 18.h4 Rb8 19.Qc3 Rd5 20.g3 Ba6 21.Rd2 c5 
22.Nxc5 Bb5 23.Qb3 Rb6 24.c4 Bc6 25.Qe3 Rd8 26.Rhd1 Bxf3 27.Qxf3 g5 28.
hxg5 hxg5 29.Be3 g4 30.Qh1 Rb4 31.Rc2 a5 32.Qh5 Rdb8 33.Na6 Ra8 34.Nxb4 
Qxb4 35.Qg6 Ra6 36.Rh1 a4 37.Bd2 Qf8 38.Qh7# 1-0

[Event "8th Eksjo it group A"]
[Site "Eksjo SWE"]
[Date "1980.08.29"]
[Round "10"]
[White "Ivanovic, Bozidar"]
[Black "Kirov, Nino"]
[Result "1/2-1/2"]
[WhiteElo "2440"]
[BlackElo "2455"]
[EventDate "1980.08.19"]
[PlyCount "25"]

1.e4 e6 2.d4 d5 3.Nd2 dxe4 4.Nxe4 Bd7 5.Bd3 Bc6 6.Nf3 Nd7 7.O-O Ngf6 8.
Nxf6+ Nxf6 9.Be3 Bxf3 10.Qxf3 c6 11.c4 Be7 12.Rad1 O-O 13.Rfe1 1/2-1/2

[Event "8th Eksjo it group A"]
[Site "Eksjo SWE"]
[Date "1980.08.29"]
[Round "10"]
[White "Lengyel, Levente"]
[Black "Sznapik, Aleksander"]
[Result "1/2-1/2"]
[WhiteElo "2445"]
[BlackElo "2460"]
[EventDate "1980.08.19"]
[PlyCount "23"]

1.d4 Nf6 2.c4 e6 3.Nf3 b6 4.g3 Bb7 5.Bg2 Be7 6.O-O O-O 7.Nc3 Ne4 8.Qc2 
Nxc3 9.Qxc3 d6 10.b3 Nd7 11.Bb2 Bf6 12.Rad1 1/2-1/2

[Event "8th Eksjo it group A"]
[Site "Eksjo SWE"]
[Date "1980.08.29"]
[Round "10"]
[White "Ornstein, Axel"]
[Black "Wedberg, Tom"]
[Result "1-0"]
[WhiteElo "2450"]
[BlackElo "2425"]
[EventDate "1980.08.19"]
[PlyCount "81"]

1.Nf3 Nf6 2.c4 e6 3.Nc3 c5 4.e3 d5 5.cxd5 exd5 6.d4 Nc6 7.Be2 Be7 8.O-O 
O-O 9.b3 Ne4 10.Bb2 Bf6 11.Rc1 cxd4 12.Nxe4 dxe4 13.Nxd4 Bxd4 14.Bxd4 Qg5 
15.Rc5 Qe7 16.Bb5 Bd7 17.Rd5 Nxd4 18.Rxd7 Nf3+ 19.Kh1 Qe5 20.gxf3 Qxb5 21.
fxe4 Rae8 22.a4 Qa6 23.f3 Re5 24.Rf2 Qf6 25.Rfd2 Rc8 26.Rc7 Ree8 27.e5 Qg5
28.f4 Qf5 29.Rxc8 Qxc8 30.Rd7 h6 31.Kg2 Qc6+ 32.Kf2 Qb6 33.Qd5 Qg6 34.Rxb7
Rc8 35.Rc7 Rb8 36.Rxa7 Qh5 37.h3 Qh4+ 38.Kg2 Qh5 39.Kf2 Rb6 40.Qd8+ Kh7 
41.Qxb6 1-0

[Event "8th Eksjo it group A"]
[Site "Eksjo SWE"]
[Date "1980.08.29"]
[Round "10"]
[White "Schneider, Lars-Ake"]
[Black "Karlsson, Lars"]
[Result "1/2-1/2"]
[WhiteElo "2450"]
[BlackElo "2405"]
[EventDate "1980.08.19"]
[PlyCount "163"]

1.e4 c5 2.Nf3 Nc6 3.Bb5 g6 4.O-O Bg7 5.c3 Nf6 6.Re1 O-O 7.d4 Qb6 8.a4 cxd4
9.cxd4 a6 10.Bxc6 bxc6 11.a5 Qc7 12.Nc3 d6 13.Qc2 Bg4 14.Nd2 Rab8 15.Nc4 
Rb4 16.Ra4 c5 17.e5 Bf5 18.Qe2 Be6 19.Nb6 dxe5 20.dxe5 Ng4 21.Ncd5 Qxe5 
22.Qxe5 Nxe5 23.Rxb4 cxb4 24.Nxb4 Rd8 25.Bg5 Rd4 26.Bxe7 Rd2 27.Nxa6 Nd3 
28.Rf1 Nxf2 29.Bc5 Nd3 30.b4 Be5 31.h3 Nf4 32.Be3 Rxg2+ 33.Kh1 Nd5 34.Kxg2
Nxe3+ 35.Kf2 Nxf1 36.Kxf1 Bxh3+ 37.Ke2 h5 38.Nc5 Bg2 39.Kf2 Bc6 40.a6 Bc3 
41.a7 Bxb4 42.Ncd7 Kg7 43.a8=Q Bxa8 44.Nxa8 Bd6 45.Nab6 g5 46.Nc4 Bc7 47.
Ne3 g4 48.Nd5 Bd6 49.N7f6 Kg6 50.Ne4 Ba3 51.Ndf6 Be7 52.Nd7 h4 53.Kg2 Kf5 
54.Nf2 Bd6 55.Nb6 Bc5 56.Nxg4 Kxg4 57.Nc4 Bd4 58.Nd6 h3+ 59.Kh1 f6 60.Nf7 
Be5 61.Nd8 Kf5 62.Kg1 Bc7 63.Nc6 Ke4 64.Ne7 Be5 65.Kh1 Bd6 66.Ng8 f5 67.
Nh6 f4 68.Ng4 Kf3 69.Nf6 Ke2 70.Ne4 f3 71.Nf2 h2 72.Nh3 Ke3 73.Nf2 Bg3 74.
Ne4 Bh4 75.Ng3 Kf2 76.Ne4+ Ke2 77.Ng3+ Ke1 78.Ne4 Bf6 79.Kxh2 Be5+ 80.Kh1 
Bd4 81.Ng5 f2 82.Nf3+ 1/2-1/2

[Event "8th Eksjo it group A"]
[Site "Eksjo SWE"]
[Date "1980.08.30"]
[Round "11"]
[White "Kaiszauri, Konstanty"]
[Black "Ivanovic, Bozidar"]
[Result "0-1"]
[WhiteElo "2365"]
[BlackElo "2440"]
[EventDate "1980.08.19"]
[PlyCount "72"]

1.e4 c5 2.Nf3 Nc6 3.Bb5 Nf6 4.e5 Nd5 5.O-O Nc7 6.Bxc6 dxc6 7.d3 h6 8.Nbd2 
Bf5 9.Re1 g5 10.Ne4 Ne6 11.b3 Qd7 12.a4 Bg7 13.a5 O-O 14.Ng3 Bg6 15.h4 g4 
16.Nd2 h5 17.Nc4 f5 18.exf6 exf6 19.Bb2 Rae8 20.Ne4 Re7 21.Qc1 Qc7 22.Bc3 
b5 23.axb6 axb6 24.Qb2 Nd4 25.b4 f5 26.Ng5 Rfe8 27.Rxe7 Qxe7 28.Kh1 Qe2 
29.Nd6 Qxf2 30.Nxe8 Qxh4+ 31.Kg1 Be5 32.Nf6+ Kg7 33.Ne6+ Kxf6 34.Nxd4 cxd4
35.Bxd4 Qh2+ 36.Kf2 Qf4+ 0-1

[Event "8th Eksjo it group A"]
[Site "Eksjo SWE"]
[Date "1980.08.30"]
[Round "11"]
[White "Kirov, Nino"]
[Black "Lekander, Rolf"]
[Result "1-0"]
[WhiteElo "2455"]
[BlackElo "2285"]
[EventDate "1980.08.19"]
[PlyCount "53"]

1.e4 c5 2.Nf3 e6 3.d4 cxd4 4.Nxd4 a6 5.Nc3 Qc7 6.Be2 Nc6 7.O-O Nf6 8.Kh1 
Be7 9.f4 d6 10.Be3 O-O 11.Qe1 Nxd4 12.Bxd4 b5 13.Qg3 Bb7 14.a3 g6 15.f5 e5
16.Be3 Rfd8 17.Qh4 d5 18.Bg5 d4 19.fxg6 fxg6 20.Na2 Qxc2 21.Bxf6 Qxe2 22.
Bxe7 Re8 23.Qf6 Qc4 24.Rac1 Qxa2 25.Rc7 Rac8 26.Rxb7 Qc4 27.Bd6 1-0

[Event "8th Eksjo it group A"]
[Site "Eksjo SWE"]
[Date "1980.08.30"]
[Round "11"]
[White "Minev, Nikolai"]
[Black "Ornstein, Axel"]
[Result "1/2-1/2"]
[WhiteElo "2390"]
[BlackElo "2450"]
[EventDate "1980.08.19"]
[PlyCount "32"]

1.d4 Nf6 2.c4 e6 3.Nc3 Bb4 4.e3 c5 5.Bd3 b6 6.Ne2 Bb7 7.O-O cxd4 8.exd4 
O-O 9.a3 Bxc3 10.Nxc3 d5 11.Bg5 dxc4 12.Bxc4 h6 13.Bxf6 Qxf6 14.d5 Ba6 15.
Bxa6 Nxa6 16.dxe6 Qxe6 1/2-1/2

[Event "8th Eksjo it group A"]
[Site "Eksjo SWE"]
[Date "1980.08.30"]
[Round "11"]
[White "Sznapik, Aleksander"]
[Black "Gonsior, Evzen"]
[Result "1/2-1/2"]
[WhiteElo "2460"]
[BlackElo "2370"]
[EventDate "1980.08.19"]
[PlyCount "29"]

1.Nf3 Nf6 2.c4 c5 3.g3 b6 4.Bg2 Bb7 5.O-O e6 6.b3 Be7 7.Bb2 d6 8.e3 O-O 9.
Nc3 Nbd7 10.Qe2 a6 11.Rfd1 Qc7 12.Rac1 Rfe8 13.d4 Rad8 14.Nh4 Bxg2 15.Nxg2
1/2-1/2

[Event "8th Eksjo it group A"]
[Site "Eksjo SWE"]
[Date "1980.08.30"]
[Round "11"]
[White "Wedberg, Tom"]
[Black "Schneider, Lars-Ake"]
[Result "1/2-1/2"]
[WhiteElo "2425"]
[BlackElo "2450"]
[EventDate "1980.08.19"]
[PlyCount "77"]

1.e4 c5 2.Nf3 Nc6 3.d4 cxd4 4.Nxd4 Nf6 5.Nc3 d6 6.Bc4 e6 7.Be3 Be7 8.Qe2 
a6 9.O-O-O Qc7 10.Bb3 O-O 11.g4 Nxd4 12.Rxd4 b5 13.g5 Nd7 14.f4 Nc5 15.f5 
Nxb3+ 16.axb3 exf5 17.Nd5 Qd8 18.Rg1 Re8 19.Qf2 g6 20.exf5 Bxf5 21.Rh4 Rc8
22.Qxf5 gxf5 23.Nf6+ Kg7 24.Rxh7+ Kg6 25.Rh6+ Kg7 26.Nh5+ Kg8 27.Kb1 Rc5 
28.Nf6+ Kg7 29.Rh7+ Kg6 30.Rh6+ Kg7 31.Nh5+ Kg8 32.Bd4 Re5 33.Nf6+ Kg7 34.
Rh7+ Kg6 35.Rh6+ Kg7 36.Nh5+ Kg8 37.Nf6+ Kg7 38.Rh7+ Kg6 39.Rh6+ 1/2-1/2